[Event "IV Open Internacional Calvia"]
[Site "Calvia"]
[Date "2007.10.22"]
[Round "8.25"]
[White "Andersson, Tommy"]
[Black "Iturrizaga, Eduardo"]
[Result "1/2-1/2"]
[WhiteElo "2273"]
[BlackElo "2435"]
[PlyCount "120"]
[EventDate "2007.??.??"]

1. d4 Nf6 2. c4 e6 3. Nf3 Bb4+ 4. Bd2 Qe7 5. g3 Nc6 6. Bg2 Bxd2+ 7. Nbxd2 O-O
8. O-O d6 9. e4 e5 10. d5 Nb8 11. Ne1 a5 12. Nd3 Na6 13. f4 Bd7 14. a4 c6 15.
Qb3 Bg4 16. Rae1 Nd7 17. f5 Ndc5 18. Nxc5 Nxc5 19. f6 Qxf6 20. Qe3 Qe7 21. b3
Bd7 22. Rf2 Ra6 23. Ref1 cxd5 24. exd5 f5 25. Bh3 g6 26. g4 f4 27. Rxf4 Rxf4
28. Rxf4 Qh4 29. Qf2 Qxf2+ 30. Rxf2 h5 31. Rg2 Rb6 32. Rg3 h4 33. Re3 g5 34.
Kf2 Be8 35. Bg2 Bg6 36. Be4 Bxe4 37. Nxe4 Nxe4+ 38. Rxe4 Rxb3 39. c5 dxc5 40.
Rxe5 Rd3 41. Rxg5+ Kf7 42. Rh5 Kg6 43. Rxh4 Rxd5 44. Rh8 b6 45. Rb8 Rd2+ 46.
Ke3 Rb2 47. h4 Rb4 48. Kf3 Rb3+ 49. Kf4 Rb4+ 50. Kf3 Kf6 51. h5 c4 52. Rc8 Rxa4
53. Rc6+ Ke5 54. h6 Ra3+ 55. Kg2 Ra2+ 56. Kg3 Ra1 57. Rxc4 Kf6 58. Rc8 Rh1 59.
Rc6+ Kg5 60. Rxb6 Rxh6 1/2-1/2

[Event "IV Open Internacional Calvia"]
[Site "Calvia"]
[Date "2007.10.22"]
[Round "8.26"]
[White "Pogorelov, Ruslan"]
[Black "Barcelo, Pedro"]
[Result "1-0"]
[WhiteElo "2411"]
[BlackElo "2190"]
[PlyCount "75"]
[EventDate "2007.??.??"]

1. Nf3 d5 2. d4 Nf6 3. c4 e6 4. Nc3 Nbd7 5. cxd5 exd5 6. Bf4 c6 7. e3 Be7 8.
Bd3 Nh5 9. Bg3 Nxg3 10. hxg3 Nf6 11. Qc2 h6 12. O-O-O Bg4 13. Kb1 Qa5 14. Rc1
Bxf3 15. gxf3 O-O-O 16. a3 Kb8 17. Na4 Qc7 18. b4 a6 19. Nc5 Nd7 20. Qa4 Nxc5
21. bxc5 Ka7 22. Ka2 Rb8 23. Rb1 Bd8 24. Rb6 Qc8 25. Rb4 h5 26. Rhb1 b5 27.
cxb6+ Rxb6 28. Rc1 Rh6 29. Rxb6 Bxb6 30. e4 dxe4 31. fxe4 f5 32. e5 h4 33. gxh4
Rxh4 34. Rxc6 Qb7 35. Rd6 Rf4 36. Bxa6 Rxf2+ 37. Ka1 Qh1+ 38. Bf1+ 1-0

[Event "IV Open Internacional Calvia"]
[Site "Calvia"]
[Date "2007.10.22"]
[Round "8.27"]
[White "Ben Arzi, Ido"]
[Black "Gonzalez, Rodriguez Jorge A"]
[Result "0-1"]
[WhiteElo "2010"]
[BlackElo "2405"]
[PlyCount "76"]
[EventDate "2007.??.??"]

1. d4 Nf6 2. c4 c5 3. d5 e5 4. Nc3 d6 5. e4 g6 6. Bd3 h5 7. Nge2 Bh6 8. Bxh6
Rxh6 9. Qd2 Rh8 10. Qg5 Qe7 11. O-O Nxd5 12. Qxe7+ Nxe7 13. Rad1 Nbc6 14. b4
Be6 15. bxc5 dxc5 16. f4 exf4 17. Nxf4 O-O-O 18. Ncd5 Rd7 19. Bc2 g5 20. Nd3 b6
21. Ba4 Rc7 22. Nxc7 Kxc7 23. Bxc6 Nxc6 24. Nb2 Ne5 25. Rf6 h4 26. a4 a5 27. h3
Rg8 28. Rc1 Rd8 29. Rd1 Rd4 30. Rxd4 cxd4 31. Rf1 Kd6 32. Rc1 Kc5 33. Kf2 Kb4
34. Ke2 Kb3 35. Nd1 Bxc4+ 36. Kd2 Kxa4 37. Nb2+ Kb3 38. Rb1 Ka2 0-1

[Event "IV Open Internacional Calvia"]
[Site "Calvia"]
[Date "2007.10.22"]
[Round "8.28"]
[White "Rosberg, Simon"]
[Black "Martinez Martin, David"]
[Result "1-0"]
[WhiteElo "2213"]
[BlackElo "2400"]
[PlyCount "63"]
[EventDate "2007.??.??"]

1. d4 Nf6 2. Nf3 g6 3. c4 Bg7 4. g3 O-O 5. Bg2 d6 6. O-O Nc6 7. d5 Na5 8. Nfd2
c5 9. Nc3 Rb8 10. Rb1 e6 11. Qc2 exd5 12. cxd5 Qc7 13. b3 b5 14. Bb2 Bf5 15. e4
Bd7 16. Nd1 Rfc8 17. h3 Qd8 18. Rc1 Bh6 19. Ne3 Nh5 20. Kh2 Qg5 21. e5 dxe5 22.
Nf3 Qe7 23. Bxe5 Rb6 24. Rcd1 f6 25. d6 Qe8 26. Bc3 Nb7 27. Rfe1 Rxd6 28. Nh4
Rc7 29. Nef5 Qf8 30. Nxh6+ Qxh6 31. Bxb7 Rxd1 32. Qxd1 1-0

[Event "IV Open Internacional Calvia"]
[Site "Calvia"]
[Date "2007.10.22"]
[Round "8.29"]
[White "Farrell, Neil"]
[Black "Aloma Vidal, Robert"]
[Result "1/2-1/2"]
[WhiteElo "2194"]
[BlackElo "2398"]
[PlyCount "65"]
[EventDate "2007.??.??"]

1. d4 Nf6 2. c4 e6 3. Nc3 Bb4 4. Qc2 O-O 5. a3 Bxc3+ 6. Qxc3 b6 7. Bg5 Bb7 8.
e3 d6 9. Ne2 Nbd7 10. Qd3 a5 11. Nc3 a4 12. Be2 Ra5 13. Bh4 Qa8 14. f3 Ba6 15.
Qd2 d5 16. cxd5 Nxd5 17. O-O c5 18. Bxa6 Qxa6 19. Nxd5 exd5 20. dxc5 Nxc5 21.
Rad1 Nb3 22. Qd3 Qxd3 23. Rxd3 Re8 24. Rfd1 f6 25. Be1 Rb5 26. Bb4 Nc5 27. Rxd5
Rxe3 28. R1d2 Kf7 29. Kf2 Rb3 30. g4 Ke6 31. h4 Rxb2 32. Rd6+ Ke7 33. Rd7+
1/2-1/2

[Event "IV Open Internacional Calvia"]
[Site "Calvia"]
[Date "2007.10.22"]
[Round "8.30"]
[White "Das, Arghyadip"]
[Black "Aroven, Mikael"]
[Result "1-0"]
[WhiteElo "2367"]
[BlackElo "2201"]
[PlyCount "57"]
[EventDate "2007.??.??"]

1. e4 c5 2. b3 Nc6 3. Bb2 Nf6 4. e5 Nd5 5. Nf3 d6 6. Bb5 Bg4 7. h3 Bh5 8. O-O
Qc7 9. d4 cxd4 10. g4 Bg6 11. Qxd4 e6 12. Nc3 Nxc3 13. Qxc3 d5 14. Nd4 Rc8 15.
Qe3 a6 16. Nxc6 bxc6 17. Bxa6 Ra8 18. Bd3 Qa5 19. a3 Bc5 20. Qe2 Qa7 21. Kg2
Qe7 22. f4 Bxd3 23. cxd3 Bxa3 24. b4 Qxb4 25. Bxa3 Rxa3 26. Rfb1 Qxf4 27. Rb8+
Kd7 28. Rb7+ Kc8 29. Rxa3 1-0

[Event "IV Open Internacional Calvia"]
[Site "Calvia"]
[Date "2007.10.22"]
[Round "8.31"]
[White "Mihailovs, Jurijs"]
[Black "Edvardsen, Ingar"]
[Result "1-0"]
[WhiteElo "2366"]
[BlackElo "1941"]
[PlyCount "55"]
[EventDate "2007.??.??"]

1. d4 Nf6 2. c4 g6 3. Nc3 Bg7 4. e4 d6 5. f3 O-O 6. Be3 Re8 7. Nge2 Na6 8. Qd2
c5 9. d5 Bd7 10. g4 Nc7 11. g5 Nh5 12. Ng3 Rf8 13. Nxh5 gxh5 14. Be2 f5 15.
gxf6 Rxf6 16. f4 a6 17. e5 Rf5 18. Rg1 b5 19. Bd3 bxc4 20. Bxf5 Bxf5 21. O-O-O
Nb5 22. Rg5 Nxc3 23. Qxc3 Qf8 24. Rdg1 Bg4 25. h3 h6 26. Rg6 Qf5 27. Rxg7+ Kxg7
28. exd6+ 1-0

[Event "IV Open Internacional Calvia"]
[Site "Calvia"]
[Date "2007.10.22"]
[Round "8.32"]
[White "Tscharotschkin, Michael"]
[Black "Mandic, Milenko"]
[Result "1-0"]
[WhiteElo "2290"]
[BlackElo "2064"]
[PlyCount "63"]
[EventDate "2007.??.??"]

1. e4 d6 2. d4 Nf6 3. Bd3 c5 4. c3 Nc6 5. Nf3 Bg4 6. d5 Ne5 7. Nxe5 dxe5 8. f3
Bd7 9. O-O g6 10. Be3 Rc8 11. Na3 Bg7 12. Nc4 b5 13. Nxe5 Nxd5 14. exd5 Bxe5
15. Bh6 c4 16. Bc2 e6 17. f4 Bf6 18. Re1 Be7 19. Kh1 Bf8 20. Qd4 Rg8 21. Bg5
Qb6 22. Qe4 Be7 23. Qf3 h6 24. Bxh6 Rh8 25. Bg7 Rh5 26. Bd4 Bc5 27. dxe6 Bxe6
28. f5 Bxd4 29. cxd4 Qxd4 30. fxe6 f5 31. Rad1 Qf6 32. Qb7 1-0

[Event "IV Open Internacional Calvia"]
[Site "Calvia"]
[Date "2007.10.22"]
[Round "8.33"]
[White "Tofte, Sondre Waage"]
[Black "Mogranzini, Roberto"]
[Result "0-1"]
[WhiteElo "2107"]
[BlackElo "2415"]
[PlyCount "54"]
[EventDate "2007.??.??"]

1. e4 c5 2. Nf3 e6 3. d4 cxd4 4. Nxd4 a6 5. Nc3 Qc7 6. Bd3 Bd6 7. Be3 Nc6 8.
Qd2 Nf6 9. Nxc6 dxc6 10. Rd1 O-O 11. Bxa6 Bb4 12. Bd3 Rxa2 13. Bc5 Bxc5 14.
Nxa2 Ng4 15. Rf1 Qxh2 16. Qg5 e5 17. b4 h6 18. Qd2 Bb6 19. c4 Qxg2 20. c5 Bd8
21. Nc3 Bg5 22. Qe2 Nh2 23. f3 Qg3+ 24. Qf2 Nxf3+ 25. Ke2 Nd4+ 26. Ke1 Qh3 27.
Qa2 Qe3+ 0-1

[Event "IV Open Internacional Calvia"]
[Site "Calvia"]
[Date "2007.10.22"]
[Round "8.34"]
[White "Schmitz, Andreas Arnold"]
[Black "Sibilio, Mario"]
[Result "1-0"]
[WhiteElo "2093"]
[BlackElo "2381"]
[PlyCount "157"]
[EventDate "2007.??.??"]

1. e4 g6 2. Nf3 Bg7 3. Bc4 c6 4. Nc3 d5 5. exd5 b5 6. Bb3 b4 7. Na4 cxd5 8. a3
bxa3 9. Rxa3 Nc6 10. O-O e6 11. d4 Nge7 12. Nc5 O-O 13. c3 h6 14. Bf4 g5 15.
Bg3 Nf5 16. Ne5 Nce7 17. Qh5 Nxg3 18. hxg3 f5 19. Qe2 a5 20. Rfa1 Ra7 21. Bc2
Bxe5 22. Qxe5 Nc6 23. Qe2 Qb6 24. Bd3 e5 25. Na4 Qc7 26. Bb5 exd4 27. Bxc6 Qxc6
28. cxd4 f4 29. gxf4 gxf4 30. Rc3 Qf6 31. Qf3 Kh8 32. Qxd5 Rg7 33. Qe5 Bb7 34.
Qxf6 Rxf6 35. g3 fxg3 36. Rxg3 Rgf7 37. Nc5 Bd5 38. Nd3 Be4 39. Ne5 Rb7 40. f3
Bf5 41. Rg2 Ra6 42. Kh2 Kh7 43. Ra4 Rb5 44. Rc4 Rb7 45. d5 Rab6 46. Rf4 Bg6 47.
Nc4 Rb4 48. b3 Rd7 49. Rxg6 Rxc4 50. Rxh6+ Kxh6 51. bxc4 Kg5 52. Rf8 Rh7+ 53.
Kg2 Ra7 54. f4+ Kg4 55. f5 a4 56. f6 Kf5 57. Kf3 Kg6 58. Ke4 a3 59. Rg8+ Kxf6
60. Rg1 a2 61. Ra1 Ra5 62. Kd4 Ke7 63. Kc3 Kd6 64. Kb3 Ra8 65. Rxa2 Rh8 66. Kb4
Ke5 67. Ra1 Rb8+ 68. Kc3 Rh8 69. Re1+ Kd6 70. Re6+ Kd7 71. Kd4 Ra8 72. Rh6 Ra5
73. c5 Ra1 74. Rh7+ Kc8 75. Ke5 Rg1 76. d6 Rg5+ 77. Ke6 Rg6+ 78. Kd5 Rg5+ 79.
Kc6 1-0

[Event "IV Open Internacional Calvia"]
[Site "Calvia"]
[Date "2007.10.22"]
[Round "8.35"]
[White "Juan Mas, Santiago"]
[Black "Mascaro March, Pedro"]
[Result "0-1"]
[WhiteElo "2090"]
[BlackElo "2370"]
[PlyCount "66"]
[EventDate "2007.??.??"]

1. e4 c5 2. d3 Nc6 3. Nf3 d6 4. g3 g6 5. Bg2 Bg7 6. O-O e5 7. c3 Nge7 8. Na3
O-O 9. Nc2 h6 10. d4 exd4 11. cxd4 Bg4 12. dxc5 dxc5 13. Qxd8 Raxd8 14. Be3 b6
15. Rab1 f5 16. Rfe1 fxe4 17. Nd2 Nf5 18. Bxe4 Nxe3 19. Nxe3 Rxd2 20. Nxg4 h5
21. Red1 Re2 22. Bd5+ Kh8 23. Kf1 Nd4 24. Rxd4 Rexf2+ 25. Nxf2 Bxd4 26. h4
Rxf2+ 27. Ke1 a5 28. a4 Kg7 29. b3 Kf6 30. Rd1 Ke5 31. Bc6 Rf6 32. Be8 Ke4 33.
Kd2 Kf3 0-1

[Event "IV Open Internacional Calvia"]
[Site "Calvia"]
[Date "2007.10.22"]
[Round "8.38"]
[White "Habibi, Ali"]
[Black "Munar Rossello, Pedro"]
[Result "1/2-1/2"]
[WhiteElo "2269"]
[BlackElo "2075"]
[PlyCount "146"]
[EventDate "2007.??.??"]

1. Nf3 d5 2. d3 c5 3. g3 Nc6 4. Bg2 e6 5. O-O Bd6 6. Nc3 Nge7 7. e4 O-O 8. Ne1
d4 9. Nb5 Bb8 10. f4 a6 11. Na3 f5 12. e5 b5 13. Bd2 Nd5 14. c4 dxc3 15. bxc3
Nde7 16. Nac2 Bb7 17. a4 Ba7 18. axb5 axb5 19. Kh1 Qc7 20. Qb1 Qb6 21. Nf3 Rfd8
22. Na3 Bb8 23. Ng5 Bc8 24. Qc2 h6 25. Nf3 Ra5 26. Ra2 Qa7 27. Rfa1 Ba6 28.
Nxb5 Bxb5 29. Rxa5 Nxa5 30. c4 Bc6 31. Bxa5 Rd7 32. Bc3 Qc7 33. Rb1 Qd8 34. h4
Bc7 35. Rd1 Bb6 36. Kh2 Qa8 37. Ra1 Qd8 38. Ne1 Qc7 39. Bxc6 Nxc6 40. Ra8+ Rd8
41. Qa2 Rxa8 42. Qxa8+ Kf7 43. Kg2 Qd7 44. Qa6 Bd8 45. Qb5 Be7 46. Bd2 Qe8 47.
Qb7 Nd4 48. Be3 Qa4 49. Bxd4 cxd4 50. Qb2 Bc5 51. Nf3 Qd1 52. Qd2 Qb1 53. Qe2
Ke7 54. h5 Kf7 55. Nh2 Qb7+ 56. Kh3 Qh1 57. g4 fxg4+ 58. Qxg4 Bf8 59. Qf3 Qe1
60. Ng4 Be7 61. Nf2 Qf1+ 62. Qg2 Qe2 63. Qg3 Qxh5+ 64. Kg2 Qe2 65. Qg4 Qd2 66.
f5 exf5 67. Qxf5+ Kg8 68. e6 Bh4 69. Qf7+ Kh7 70. Qf5+ Kg8 71. Qf7+ Kh8 72.
Qf8+ Kh7 73. Qf5+ Kg8 1/2-1/2

[Event "IV Open Internacional Calvia"]
[Site "Calvia"]
[Date "2007.10.22"]
[Round "8.39"]
[White "Gurbanzade, Erkin"]
[Black "Andersen, Mads"]
[Result "1-0"]
[WhiteElo "2179"]
[BlackElo "2074"]
[PlyCount "93"]
[EventDate "2007.??.??"]

1. e4 e6 2. Qe2 a6 3. f4 b5 4. Nf3 c5 5. g3 Bb7 6. Bg2 Nf6 7. e5 Nd5 8. d3 d6
9. f5 Qd7 10. O-O Nc6 11. fxe6 Qxe6 12. Ng5 Qxe5 13. Qf2 Qd4 14. Be3 Qxe3 15.
Re1 Qxe1+ 16. Qxe1+ Nde7 17. Bd5 Nd8 18. Nc3 Bxd5 19. Nxd5 Ra7 20. a4 b4 21.
Qe2 h6 22. Ne4 Kd7 23. Nb6+ Kc7 24. a5 Ne6 25. c3 Nc6 26. Qf3 Ne5 27. Qe2 bxc3
28. bxc3 Be7 29. Nd5+ Kd8 30. Rb1 Nc6 31. Rb6 Kd7 32. Qa2 Rc8 33. Qa4 Bd8 34.
Nd2 Bf6 35. Nc4 Ned8 36. Rb1 Rcc7 37. Ncb6+ Ke8 38. Nxc7+ Rxc7 39. Nd5 Rc8 40.
Rb6 Kf8 41. Rxa6 Ne5 42. Rxd6 Ne6 43. a6 Rb8 44. Rb6 Rd8 45. a7 Rxd5 46. a8=Q+
Bd8 47. Qxd5 1-0

[Event "IV Open Internacional Calvia"]
[Site "Calvia"]
[Date "2007.10.23"]
[Round "9.2"]
[White "Mchedlishvili, Mikheil"]
[Black "Arencibia, Rodriguez Walter"]
[Result "1/2-1/2"]
[WhiteElo "2631"]
[BlackElo "2562"]
[PlyCount "93"]
[EventDate "2007.??.??"]

1. d4 Nf6 2. c4 g6 3. g3 Bg7 4. Bg2 d5 5. cxd5 Nxd5 6. Nf3 O-O 7. O-O Nb6 8.
Nc3 Nc6 9. d5 Na5 10. Qc2 c6 11. dxc6 Nxc6 12. Rd1 Qe8 13. Qe4 e5 14. Be3 f5
15. Qc2 e4 16. Nd2 Be6 17. Nb3 Rc8 18. Bc5 Rf7 19. Nd4 Nxd4 20. Bxd4 Nd5 21.
Rac1 Bh6 22. Ra1 Nb4 23. Qb1 a6 24. Bb6 Qc6 25. Bd4 Qc7 26. e3 Rd7 27. Bf1 Bc4
28. a3 Bd3 29. Bxd3 Nxd3 30. Ne2 Qc4 31. Bc3 Rcd8 32. Nd4 Bg7 33. Kg2 h5 34.
Qa2 Qxa2 35. Rxa2 Kf7 36. Raa1 Rd5 37. Rd2 g5 38. Rf1 Kg6 39. Rg1 Ne5 40. Rgd1
Nc4 41. Rc2 f4 42. gxf4 gxf4 43. Kh3 Kf7 44. Rg1 Bf6 45. Ne2 Bg5 46. Nxf4 Rf5
47. Rg3 1/2-1/2

[Event "IV Open Internacional Calvia"]
[Site "?"]
[Date "2007.10.23"]
[Round "9.3"]
[White "GM  Strikovic, Aleksa"]
[Black "GM Berg, Emanuel"]
[Result "1/2-1/2"]
[WhiteElo "2551"]
[BlackElo "2593"]
[PlyCount "41"]
[EventDate "2007.??.??"]

1. e4 e6 2. d3 c5 3. Nf3 Nc6 4. g3 Nge7 5. Bg2 g6 6. O-O Bg7 7. c3 e5 8. Nbd2
O-O 9. Nc4 d6 10. a4 h6 11. Nh4 Be6 12. f4 exf4 13. gxf4 d5 14. Ne3 d4 15. f5
dxe3 16. fxe6 fxe6 17. Rxf8+ Qxf8 18. Bxe3 g5 19. Nf3 Ng6 20. Qb3 Qe7 21. Bh3
1/2-1/2

[Event "IV Open Internacional Calvia"]
[Site "Calvia"]
[Date "2007.10.23"]
[Round "9.4"]
[White "Spraggett, Kevin"]
[Black "Larino Nieto, David"]
[Result "1-0"]
[WhiteElo "2580"]
[BlackElo "2428"]
[PlyCount "115"]
[EventDate "2007.??.??"]

1. e4 e5 2. Nf3 Nc6 3. Bb5 Nd4 4. Nxd4 exd4 5. O-O c6 6. Ba4 d6 7. d3 Nf6 8. c3
dxc3 9. Nxc3 Be7 10. d4 O-O 11. h3 b5 12. Bc2 a6 13. Be3 Bb7 14. Ne2 Re8 15.
Ng3 Bf8 16. Qd2 c5 17. f3 Nd7 18. Rfe1 Qc7 19. Rac1 Rad8 20. Bb1 Qb8 21. d5 Nb6
22. b3 Rd7 23. Nf5 Qd8 24. Bg5 f6 25. Bh4 g6 26. Nh6+ Kh8 27. Ng4 Bg7 28. Rf1
g5 29. Bf2 f5 30. exf5 Nxd5 31. Rfe1 Rxe1+ 32. Qxe1 h5 33. f6 Bf8 34. Ne3 Nxe3
35. Bxe3 Qxf6 36. Qd2 Rg7 37. b4 g4 38. fxg4 hxg4 39. Rf1 Qe7 40. h4 Rf7 41.
Rxf7 Qxf7 42. Bg5 g3 43. bxc5 dxc5 44. Qc3+ Bg7 45. Qxg3 Qe8 46. Bf4 Qe2 47.
Bd3 Qe6 48. h5 Be4 49. h6 Bd4+ 50. Be3 Bxe3+ 51. Qxe3 Bf5 52. Qxc5 Qxh6 53.
Qe5+ Kg8 54. Bxf5 Qc1+ 55. Kh2 Qh6+ 56. Kg3 Qg5+ 57. Kf3 Qh5+ 58. Ke4 1-0

[Event "IV Open Internacional Calvia"]
[Site "Calvia"]
[Date "2007.10.23"]
[Round "9.8"]
[White "Arakhamia-Grant, Ketevan"]
[Black "Mamedov, Rauf"]
[Result "1-0"]
[WhiteElo "2432"]
[BlackElo "2582"]
[PlyCount "99"]
[EventDate "2007.??.??"]

1. e4 c5 2. Nf3 Nc6 3. d4 cxd4 4. Nxd4 Nf6 5. Nc3 e5 6. Ndb5 d6 7. Bg5 a6 8.
Na3 b5 9. Nd5 Be7 10. Bxf6 Bxf6 11. c4 b4 12. Nc2 Rb8 13. g3 O-O 14. b3 Bg5 15.
h4 Bh6 16. Bh3 Be6 17. Kf1 g6 18. h5 Kg7 19. Kg2 Qd7 20. f4 f5 21. hxg6 hxg6
22. exf5 Bxf5 23. Bxf5 Qxf5 24. Nce3 Qe4+ 25. Qf3 Qxf3+ 26. Kxf3 exf4 27. gxf4
Rbe8 28. Rad1 Rf7 29. Rh3 g5 30. f5 g4+ 31. Kxg4 Ne5+ 32. Kg3 Rg8 33. Kf2 Bg5
34. Nxb4 Bxe3+ 35. Kxe3 Rxf5 36. Rg3+ Ng6 37. Rxd6 Kf7 38. Rxa6 Re8+ 39. Kd4
Nf4 40. Ra7+ Kf6 41. Ra6+ Kf7 42. Re3 Ne2+ 43. Kd3 Nf4+ 44. Kd2 Rh8 45. Kc3 Rh2
46. Nd3 Ne2+ 47. Kb4 Nd4 48. Ne5+ Kf8 49. Ng6+ Kg7 50. Re7+ 1-0

[Event "IV Open Internacional Calvia"]
[Site "?"]
[Date "2007.10.23"]
[Round "9.9"]
[White "GM  Hamdouchi, Hichem"]
[Black "GM Manik, Mikulas"]
[Result "1/2-1/2"]
[WhiteElo "2576"]
[BlackElo "2420"]
[PlyCount "64"]
[EventDate "2007.??.??"]

1. e4 e5 2. Nf3 Nc6 3. Bb5 a6 4. Ba4 Nf6 5. O-O b5 6. Bb3 Be7 7. d4 d6 8. dxe5
Nxe5 9. Nxe5 dxe5 10. Qxd8+ Bxd8 11. a4 Rb8 12. axb5 axb5 13. Be3 O-O 14. Rd1
Be7 15. Nc3 c6 16. f3 Be6 17. Ra7 Rfe8 18. Kf2 Kf8 19. Rda1 Bxb3 20. cxb3 Rec8
21. Ne2 Ke8 22. Rc1 c5 23. Ng3 g6 24. Ke2 c4 25. bxc4 Rxc4 26. Rc7 Bd6 27.
R7xc4 bxc4 28. Rc2 Nd7 29. Bc1 Nb6 30. Nf1 Bc5 31. b3 cxb3 32. Rxc5 Nd7 1/2-1/2

[Event "IV Open Internacional Calvia"]
[Site "Calvia"]
[Date "2007.10.23"]
[Round "9.10"]
[White "Gharamian, Tigran"]
[Black "Peralta, Fernando"]
[Result "1/2-1/2"]
[WhiteElo "2557"]
[BlackElo "2546"]
[PlyCount "39"]
[EventDate "2007.??.??"]

1. e4 d6 2. d4 Nf6 3. Nc3 g6 4. f4 Bg7 5. Nf3 O-O 6. Bd3 Na6 7. O-O c5 8. d5
Bg4 9. Bc4 Nc7 10. h3 Bxf3 11. Qxf3 a6 12. a4 b6 13. Qd3 e6 14. dxe6 fxe6 15.
Rd1 d5 16. exd5 Nfxd5 17. Nxd5 exd5 18. Bxd5+ Qxd5 19. Qxd5+ Nxd5 20. Rxd5
1/2-1/2

[Event "IV Open Internacional Calvia"]
[Site "Calvia"]
[Date "2007.10.23"]
[Round "9.12"]
[White "Godena, Michele"]
[Black "Sveshnikov, Vladimir"]
[Result "1-0"]
[WhiteElo "2535"]
[BlackElo "2366"]
[PlyCount "43"]
[EventDate "2007.??.??"]

1. e4 c5 2. Nf3 Nc6 3. Bb5 e6 4. c3 Nge7 5. d4 a6 6. Bxc6 Nxc6 7. d5 Ne7 8.
dxe6 fxe6 9. Bg5 b5 10. Ne5 Qc7 11. Qh5+ g6 12. Qf3 Qxe5 13. Bf6 Qc7 14. Bxh8
Bb7 15. O-O O-O-O 16. a4 d5 17. axb5 axb5 18. Qf7 Qc6 19. Rd1 d4 20. Nd2 dxc3
21. Bxc3 b4 22. Nc4 1-0

[Event "IV Open Internacional Calvia"]
[Site "Calvia"]
[Date "2007.10.23"]
[Round "9.15"]
[White "Romanishin, Oleg M"]
[Black "Pogorelov, Ruslan"]
[Result "1/2-1/2"]
[WhiteElo "2547"]
[BlackElo "2411"]
[PlyCount "50"]
[EventDate "2007.??.??"]

1. d4 Nf6 2. Nf3 e6 3. g3 c5 4. Bg2 cxd4 5. Nxd4 d5 6. O-O e5 7. Nb3 Be7 8. Bg5
Nbd7 9. e4 dxe4 10. Nc3 O-O 11. a4 Rb8 12. Re1 h6 13. Be3 b6 14. Nb5 Nc5 15.
Nxa7 Bd7 16. Nxc5 bxc5 17. Nb5 Bxb5 18. axb5 Rxb5 19. Ra7 Rxb2 20. Qxd8 Bxd8
21. Bxc5 Re8 22. c4 Bb6 23. Bxb6 Rxb6 24. Bxe4 Nxe4 25. Rxe4 Rc6 1/2-1/2

[Event "IV Open Internacional Calvia"]
[Site "Calvia"]
[Date "2007.10.23"]
[Round "9.17"]
[White "Gonzalez, Rodriguez Jorge A"]
[Black "Cabrera, Alexis"]
[Result "1/2-1/2"]
[WhiteElo "2405"]
[BlackElo "2499"]
[PlyCount "106"]
[EventDate "2007.??.??"]

1. b3 d5 2. e3 Nf6 3. Bb2 c6 4. Nf3 Bg4 5. Be2 Nbd7 6. d4 e6 7. O-O Bd6 8. Ne5
Bxe2 9. Qxe2 Qc7 10. f4 Ne4 11. Nxd7 Kxd7 12. c4 f5 13. c5 Be7 14. Nc3 Nf6 15.
b4 g5 16. b5 Rhg8 17. a4 gxf4 18. exf4 Rg4 19. Rab1 Ne4 20. Nxe4 dxe4 21. Bc1
Rag8 22. Rf2 Qa5 23. Be3 Qxa4 24. bxc6+ bxc6 25. Qb2 Ke8 26. Ra1 Qc4 27. Qa2
Qd3 28. Qa3 Bh4 29. Rb2 Qc4 30. Qa2 Qxa2 31. Raxa2 R8g7 32. Rb1 Bd8 33. g3 h5
34. Ra6 h4 35. Rxc6 Ke7 36. Ra6 Bc7 37. Rxa7 Kd7 38. Kg2 Kc6 39. Rc1 hxg3 40.
h3 Rh4 41. Bd2 e3 42. Bxe3 Rgh7 43. Re1 Kd5 44. Ra6 R4h6 45. Rh1 Ke4 46. Re1
Kd5 47. Ra8 Rxh3 48. Rg8 Rh2+ 49. Kf3 Rc2 50. Ra1 Rc3 51. Ra7 Rxe3+ 52. Kxe3
Bxf4+ 53. Kxf4 Rxa7 {illegible. Tablas en la jugada 70.} 1/2-1/2

[Event "IV Open Internacional Calvia"]
[Site "Calvia"]
[Date "2007.10.23"]
[Round "9.18"]
[White "Libiszewski, Fabien"]
[Black "Mihailovs, Jurijs"]
[Result "1-0"]
[WhiteElo "2486"]
[BlackElo "2366"]
[PlyCount "63"]
[EventDate "2007.??.??"]

1. Nc3 c5 2. Nf3 e6 3. d4 cxd4 4. Nxd4 a6 5. g3 Nf6 6. Bg2 Bb4 7. O-O O-O 8. e4
Qc7 9. Bg5 Be7 10. a4 Nc6 11. Nb3 d6 12. a5 Ne5 13. Na4 Nc4 14. Qd4 Bd7 15. Nb6
Nxb6 16. axb6 Qxc2 17. Na5 e5 18. Qb4 Qc5 19. Qxc5 dxc5 20. Nxb7 Rab8 21. Na5
Bb5 22. b7 Bxf1 23. Bxf1 Bd8 24. Bxa6 Bxa5 25. Bxf6 Bc7 26. Be7 Rfe8 27. Bxc5
g6 28. Ba7 Rbd8 29. Bb5 Re7 30. Bc5 Kf8 31. Ra8 Bb8 32. Bd6 1-0

[Event "IV Open Internacional Calvia"]
[Site "Calvia"]
[Date "2007.10.23"]
[Round "9.19"]
[White "Carlsson, Pontus"]
[Black "Das, Arghyadip"]
[Result "1/2-1/2"]
[WhiteElo "2481"]
[BlackElo "2367"]
[PlyCount "83"]
[EventDate "2007.??.??"]

1. e4 c5 2. Nc3 a6 3. Nf3 d6 4. d4 cxd4 5. Nxd4 Nf6 6. Be2 e6 7. O-O Be7 8. f4
O-O 9. Be3 Nc6 10. Kh1 Bd7 11. Qe1 b5 12. a3 Qb8 13. Bf3 Nxd4 14. Bxd4 e5 15.
Be3 Bc6 16. Rd1 Qb7 17. Bc1 Rfe8 18. f5 h6 19. g4 a5 20. b4 axb4 21. axb4 Rad8
22. g5 hxg5 23. Bxg5 d5 24. Nxd5 Nxd5 25. exd5 Rxd5 26. Bxe7 Rxd1 27. Qxd1 Rxe7
28. f6 Rd7 29. Qe2 Bxf3+ 30. Qxf3 Qxf3+ 31. Rxf3 Rc7 32. Rf5 gxf6 33. Rxf6 Rxc2
34. Rb6 f5 35. Rxb5 Re2 36. Rb8+ Kg7 37. b5 f4 38. b6 f3 39. Kg1 Rg2+ 40. Kf1
Rxh2 41. Re8 Rb2 42. Rxe5 1/2-1/2

[Event "IV Open Internacional Calvia"]
[Site "Calvia"]
[Date "2007.10.23"]
[Round "9.20"]
[White "Zugic, Igor"]
[Black "Rosberg, Simon"]
[Result "1-0"]
[WhiteElo "2477"]
[BlackElo "2213"]
[PlyCount "71"]
[EventDate "2007.??.??"]

1. e4 e6 2. d4 d5 3. Nc3 Bb4 4. e5 c5 5. a3 Ba5 6. b4 cxd4 7. Nb5 Bc7 8. f4 Ne7
9. Nf3 Bd7 10. Nxc7+ Qxc7 11. Bd3 a6 12. Bb2 Nbc6 13. Qe2 Qb6 14. O-O Nf5 15.
Qf2 Ne3 16. Rfe1 Nc4 17. Bxd4 Nxd4 18. Nxd4 Rc8 19. c3 Qd8 20. f5 Qg5 21. fxe6
Bxe6 22. Bxc4 Rxc4 23. Re3 O-O 24. Rae1 Re8 25. Rg3 Qe7 26. Ree3 Kh8 27. Ref3
Rc7 28. Qd2 Rf8 29. h3 Rcc8 30. Qf4 Rce8 31. Re3 Bd7 32. Qf3 Be6 33. Qh5 Qd7
34. Kh2 Qc8 35. Rxg7 Kxg7 36. Qg5+ 1-0

[Event "IV Open Internacional Calvia"]
[Site "Calvia"]
[Date "2007.10.23"]
[Round "9.21"]
[White "Maze, Sebastien"]
[Black "Givon, Asaf"]
[Result "1-0"]
[WhiteElo "2576"]
[BlackElo "1937"]
[PlyCount "41"]
[EventDate "2007.??.??"]

1. e4 c5 2. Nf3 Nc6 3. Bb5 g6 4. O-O Bg7 5. Re1 Nf6 6. e5 Nd5 7. Nc3 Nc7 8.
Bxc6 bxc6 9. Ne4 Ne6 10. d3 O-O 11. Be3 d6 12. exd6 exd6 13. Qc1 Qb6 14. Nxd6
Bxb2 15. Qd1 Bc3 16. Bh6 Rd8 17. Ne4 Bxe1 18. Nf6+ Kh8 19. Qxe1 Qc7 20. Qe5 a6
21. Bg7+ 1-0

[Event "IV Open Internacional Calvia"]
[Site "Calvia"]
[Date "2007.10.23"]
[Round "9.22"]
[White "Del Rio Angelis, Salvador G"]
[Black "Andersson, Tommy"]
[Result "1-0"]
[WhiteElo "2512"]
[BlackElo "2273"]
[PlyCount "75"]
[EventDate "2007.??.??"]

1. e4 c5 2. Nf3 d6 3. b4 cxb4 4. d4 Nf6 5. Bd3 g6 6. a3 bxa3 7. O-O Bg7 8. Bxa3
O-O 9. Nbd2 Nh5 10. Re1 Nc6 11. c3 a6 12. Nb3 Bg4 13. h3 Bd7 14. Qd2 Qc7 15. c4
b6 16. g4 Nf6 17. d5 Nd8 18. e5 Ne8 19. Bb2 dxe5 20. Bxe5 Qc8 21. Bxg7 Kxg7 22.
Rxe7 Bxg4 23. Ne5 Bxh3 24. c5 bxc5 25. Ra4 Nf6 26. Rh4 Nxd5 27. Qh6+ Kf6 28.
Qxf8 Nxe7 29. Qh8+ Ke6 30. Rxh3 f6 31. Ng4 Kd5 32. Nxf6+ Kc6 33. Qe8+ Kb6 34.
Qxe7 Qxh3 35. Nd5+ Kc6 36. Qxc5+ Kd7 37. Qc7+ Ke6 38. Nf4+ 1-0